Normas de presunción en el Código civil y Ley de arrendamientos urbanos / (Record no. 143709)

MARC details
000 -LEADER
campo de control de longitud fija 00517nam a2200169 4500
001 - NÚMERO DE CONTROL
campo de control 143709
003 - IDENTIFICADOR DE NÚMERO DE CONTROL
campo de control ES-MaACL
005 - FECHA Y HORA DE LA ÚLTIMA TRANSACCIÓN
campo de control 20230906200852.0
007 - CAMPO FIJO DE DESCRIPCIÓN FÍSICA--INFORMACIÓN GENERAL
campo de control de longitud fija t|
008 - DATOS DE LONGITUD FIJA--INFORMACIÓN GENERAL
campo de control de longitud fija 070214s1963 sp r ||||1| spa d
100 1# - ENTRADA PRINCIPAL--NOMBRE DE PERSONA
Nombre de persona Serra Domínguez, Manuel.
9 (RLIN) 105631
245 10 - MENCIÓN DEL TÍTULO
Título Normas de presunción en el Código civil y Ley de arrendamientos urbanos /
Mención de responsabilidad, etc. Manuel Serra Domínguez.
260 ## - PUBLICACIÓN, DISTRIBUCIÓN, ETC.
Lugar de publicación, distribución, etc. Barcelona :
Nombre del editor, distribuidor, etc. Nauta,
Fecha de publicación, distribución, etc. 1963.
300 ## - DESCRIPCIÓN FÍSICA
Extensión 248 p. ;
Dimensiones 25 cm.
650 00 - PUNTO DE ACCESO ADICIONAL DE MATERIA--TÉRMINO DE MATERIA
Término de materia o nombre geográfico como elemento de entrada Pruebas (Derecho)
9 (RLIN) 16527
852 ## - LOCALIZACIÓN
Ubicación ES-MaACL
Número de control de estantería C-23584
Holdings
Estatus retirado Estado de pérdida Estado de daño No para préstamo Biblioteca de origen Biblioteca actual Ubicación en estantería Fecha de adquisición Fuente de adquisición Total de préstamos Signatura topográfica completa Código de barras Visto por última vez Precio de reemplazo Tipo de ítem Koha
        Biblioteca del Ateneo de Madrid Biblioteca del Ateneo de Madrid Depósito 2 17/01/2008     C-23584 1149518 23/02/2023 23/02/2023 Libro impreso